| 000 | 00420cam a2200145 4500500 | ||
|---|---|---|---|
| 005 | 20251228073937.0 | ||
| 041 | _afre | ||
| 042 | _adc | ||
| 100 | 1 | 0 |
_aSephiha, Haim Vidal _eauthor |
| 245 | 0 | 0 | _aUn appel au crif |
| 260 | _c2003. | ||
| 500 | _a9 | ||
| 786 | 0 | _nSud/Nord | 18 | 1 | 2003-03-01 | p. 82-85 | 1265-2067 | |
| 856 | 4 | 1 | _uhttps://shs.cairn.info/revue-sud-nord-2003-1-page-82?lang=fr&redirect-ssocas=7080 |
| 999 |
_c1596439 _d1596439 |
||